Las condiciones del desarrollo de la integración centroamericana (II Parte) /

שמור ב:
מידע ביבליוגרפי
מחבר ראשי: Hernández Alcerro, Jorge
פורמט: Texto
שפה:Spanish
נושאים:
תגים: הוספת תג
אין תגיות, היה/י הראשונ/ה לתייג את הרשומה!

MARC

LEADER 00000 a a2200000 04500
001 43553
003 cru CRAI/IIS
005 20210506135701.0
008 210506b |||||||| |||| 00| 0 spa d
040 |c cru CRAI/IIS 
100 1 |a Hernández Alcerro, Jorge  
245 1 4 |a Las condiciones del desarrollo de la integración centroamericana (II Parte) /  |c Jorge Hernández Alcerro  
500 |a Colección Centroamérica 
650 |a INTEGRACION REGIONAL  
650 |a CONDICIONES ECONOMICAS  
650 |a LIBRE COMERCIO  
650 |a UNIONES ADUANERAS  
650 |a POLITICA FISCAL  
650 |a DESARROLLO INDUSTRIAL  
650 |a SECTOR AGROPECUARIO  
650 |a DESARROLLO INDUSTRIAL  
650 |a COOPERACION INTERNACIONAL  
650 |a ECONOMIA INTERNACIONAL  
773 |g volumen7, número21 ( , 1978), páginas 9-51  
773 0 |0 18875  |9 5396  |a Universidad de Costa Rica.  |d San José, Costa Rica: Universidad de Costa Rica. Consejo Superior Universitario Centroamericano, 1972-  |o 13260  |t Estudios Sociales Centroamericanos /  |x 03039676 
942 |2 ddc  |c PP 
999 |c 31302  |d 31302